000 02885cam a22004338i 4500
001 22688966
003 OSt
005 20230921132722.0
008 220702s2023 enk b 001 0 eng
010 _a 2022021641
020 _a9781138364134
_q(hardback)
020 _a9781032321264
_q(paperback)
020 _z9781003312949
_q(ebook)
040 _aLBSOR/DLC
_beng
_erda
_cDLC
042 _apcc
043 _aa-ii---
050 0 0 _aPK2907.C45
_bR69 2023
082 0 0 _a891.109355
_bROY/C
100 1 _aRoy, Oly
_eauthor.
_99553
245 1 0 _aChastity in ancient Indian texts :
_bprecept, practice, and portrayal /
_cOly Roy.
263 _a2208
264 1 _aAbingdon, Oxon ;
_aNew York, NY :
_bRoutledge,
_c2023.
300 _a155 pages
336 _atext
_btxt
_2rdacontent
337 _aunmediated
_bn
_2rdamedia
338 _avolume
_bnc
_2rdacarrier
504 _aIncludes bibliographical references and index.
505 0 _aConceptualising chastity -- Conformity in the great epics (the Mahābhārata and the Vālmīki's Rāmāyaṇa) -- Deviance in the great epics -- Chastity as reflected in the MahaPurāṇas -- Deviant behaviour as reflected in the MahaPurāṇas -- Comparative evaluation of conformity and deviance in Hāla's Sattasaī and the Jātakas.
520 _a"This book looks at the representation and practice of chastity in selective ancient Indian texts. It studies how and when the concept originated and in what ways it was intertwined with the social, cultural, and economic notions of Indian society. Drawing on seminal Indian texts such as the MahāPurāṇas, Rāmāyaṇa, Mahābhārata, Sattasaīand the Jātakas, the volume delves into the social and reproductive rights of women through an examination of the norms of chastity, virginity, and Pātivratya, which were construed according to a patriarchal hierarchy of the society and implemented as a means of strengthening patriarchal authority. It also examines the interinfluence of various religious traditions that emerged on the very concept of chastity and the ideologies they later gave rise to. A comprehensive study of sexuality and gender in early India, the book will be indispensable to students, teachers, and researchers of gender studies, literature, women's studies, women's rights, feminism, South Asian studies, and social history of Ancient India"--
_cProvided by publisher.
650 0 _aChastity in literature.
650 0 _aSex customs in literature.
650 0 _aIndic literature
_yTo 1500
_xHistory and criticism.
650 0 _aSexual ethics
_zIndia
_xHistory.
650 0 _aSex customs
_zIndia
_xHistory.
651 0 _aIndia
_xSocial life and customs
_yTo 1200.
906 _a7
_bcbc
_corignew
_d1
_eecip
_f20
_gy-gencatlg
942 _2ddc
_cBK
_h891.109355
_iROY/C
_k891.109355
_mROY/C
999 _c42232
_d42232